Statistiques concernant Pays d'Océanie en ...

Cliquez ici pour prendre le quiz!

Statistiques générales

  • Ce quiz a été pris 140 fois
  • Le résultat moyen est 9 sur 10

Statistiques - réponses

HintRéponse% Correct
Pays d'Océanie en AAustralie
99%
Pays d'Océanie en NNauru | Nouvelle-Zélande | Papouasie-Nouvelle-Guinée
98%
Pays d'Océanie en FFidji
97%
Pays d'Océanie en VVanuatu
95%
Pays d'Océanie en TTonga | Tuvalu
94%
Pays d'Océanie en SSalomon | Samoa
93%
Pays d'Océanie en KKiribati
92%
Pays d'Océanie en PPalaos
87%
Pays d'Océanie en MMicronésie
84%
Pays d'Océanie en Iîles Marshall
81%

Distribution des résultats

Percentile par nombre de réponses

% des personnes avec chaque résultat

Votre développement - résultats

Vous n’avez pas pris ce quiz